Zeichnen Sie die Grenzen Europas - Statistiken

Allgemein
  • Dieses Quiz wurde 1.606 mal gespielt
  • Das Durchschnittsergebnis liegt bei 72 aus 87
Antworten auf der Karte
Die Antworten werden auf der Karte rot bzw. grün angezeigt, abhängig davon wie oft sie richtig erraten wurden.
 
Antwortstatistiken
Antwort % Korrekt
Deutschland - Frankreich
96%
Norwegen - Schweden
96%
Spanien - Frankreich
96%
Deutschland - Polen
95%
Schweiz - Deutschland
95%
Spanien - Portugal
95%
Belgien - Deutschland
94%
Deutschland - Niederlande
94%
Frankreich - Italien
94%
Österreich - Deutschland
94%
Tschechien - Deutschland
94%
Deutschland - Dänemark
93%
Österreich - Italien
93%
Finnland - Schweden
92%
Schweiz - Frankreich
92%
Schweiz - Italien
92%
Finnland - Russland
91%
Österreich - Schweiz
91%
Russland - Ukraine
91%
Tschechien - Polen
91%
Estland - Lettland
90%
Belarus - Russland
89%
Belgien - Frankreich
89%
Belgien - Niederlande
89%
Deutschland - Luxemburg
89%
Estland - Russland
89%
Litauen - Lettland
89%
Österreich - Tschechien
89%
Österreich - Ungarn
89%
Belarus - Polen
88%
Lettland - Russland
88%
Polen - Ukraine
87%
Andorra - Spanien
86%
Litauen - Polen
86%
Österreich - Slowenien
86%
Bosnien und Herzegowina - Kroatien
85%
Italien - Slowenien
85%
Schweiz - Liechtenstein
85%
Tschechien - Slowakei
85%
Belarus - Ukraine
84%
Irland - Vereinigtes Königreich
84%
Italien - Vatikanstadt
84%
Kroatien - Slowenien
84%
Österreich - Slowakei
84%
Polen - Slowakei
84%
Andorra - Frankreich
83%
Belarus - Litauen
83%
Belgien - Luxemburg
83%
Bulgarien - Rumänien
83%
Frankreich - Luxemburg
83%
Italien - San Marino
83%
Albanien - Griechenland
82%
Frankreich - Monaco
82%
Litauen - Russland
82%
Rumänien - Ukraine
82%
Belarus - Lettland
81%
Kroatien - Serbien
81%
Österreich - Liechtenstein
81%
Bosnien und Herzegowina - Serbien
80%
Albanien - Kosovo
79%
Bulgarien - Griechenland
79%
Griechenland - Nordmazedonien
79%
Slowakei - Ukraine
79%
Ungarn - Slowakei
79%
Finnland - Norwegen
78%
Kroatien - Ungarn
78%
Moldawien - Ukraine
78%
Polen - Russland
78%
Ungarn - Rumänien
78%
Ungarn - Serbien
78%
Ungarn - Ukraine
78%
Albanien - Montenegro
77%
Rumänien - Serbien
77%
Serbien - Kosovo
77%
Ungarn - Slowenien
76%
Albanien - Nordmazedonien
75%
Bulgarien - Serbien
75%
Montenegro - Serbien
75%
Bosnien und Herzegowina - Montenegro
74%
Moldawien - Rumänien
74%
Nordmazedonien - Kosovo
73%
Nordmazedonien - Serbien
73%
Bulgarien - Nordmazedonien
72%
Montenegro - Kosovo
72%
Norwegen - Russland
52%
Montenegro - Kroatien
46%
Spanien - Vereinigtes Königreich
31%
Keine übereinstimmenden Quizze gefunden
Verteilung der Resultate
Anzahl Personen mit jedem Resultat
Perzentil nach korrekt beantworteten Fragen
Ihre Resultats-Entwicklung
Sie haben dieses Quiz noch nicht gespielt